<?xml version="1.0" encoding="UTF-8"?>
<record
    xmlns:xsi="http://www.w3.org/2001/XMLSchema-instance"
    xsi:schemaLocation="http://www.loc.gov/MARC21/slim http://www.loc.gov/standards/marcxml/schema/MARC21slim.xsd"
    xmlns="http://www.loc.gov/MARC21/slim">

  <leader>00214nam a2200085   4500</leader>
  <controlfield tag="001">1239545</controlfield>
  <controlfield tag="005">20251008093707.0</controlfield>
  <datafield tag="245" ind1=" " ind2=" ">
    <subfield code="a">TAR&#x130;H&#x130;M&#x130;ZDEN YA&#x15E;ANMI&#x15E; &#xD6;YK&#xDC;LER</subfield>
    <subfield code="c">YAVUZ BAHADIRO&#x11E;LU</subfield>
  </datafield>
  <datafield tag="260" ind1=" " ind2=" ">
    <subfield code="b">NES&#x130;L YAYINEV&#x130;</subfield>
  </datafield>
  <datafield tag="999" ind1=" " ind2=" ">
    <subfield code="c">1239545</subfield>
    <subfield code="d">1239545</subfield>
  </datafield>
  <datafield tag="952" ind1=" " ind2=" ">
    <subfield code="0">0</subfield>
    <subfield code="1">0</subfield>
    <subfield code="2">ddc</subfield>
    <subfield code="4">0</subfield>
    <subfield code="7">0</subfield>
    <subfield code="a">1072</subfield>
    <subfield code="b">1072</subfield>
    <subfield code="d">2025-10-08</subfield>
    <subfield code="l">0</subfield>
    <subfield code="p">10725499</subfield>
    <subfield code="r">2025-10-08 09:37:49</subfield>
    <subfield code="w">2025-10-08</subfield>
    <subfield code="y">BK</subfield>
  </datafield>
</record>
